000 00360nam a2200133Ia 4500
008 100328s9999 xx 000 0 und d
082 _b35271
100 _aदिघे प्रभाकर
245 _aसैलानी
260 _bगौरी कानिटकर
630 _aसैलानी
730 _aसैलानी
942 _cBOOK
999 _c525233
_d525230